Exploring the Economic Resilience of Low vs. High Carbon Intensity Sectors (Record no. 9122)
[ view plain ]
| 000 -LEADER | |
|---|---|
| fixed length control field | 02437nam a22003737u 4500 |
| 001 - CONTROL NUMBER | |
| control field | pwiiw6970 |
| 003 - CONTROL NUMBER IDENTIFIER | |
| control field | OSt |
| 005 - DATE AND TIME OF LATEST TRANSACTION | |
| control field | 20260517120212.0 |
| 008 - FIXED-LENGTH DATA ELEMENTS--GENERAL INFORMATION | |
| fixed length control field | 241030t2024 au ||||| |||| 00| ||eng d |
| 040 ## - CATALOGING SOURCE | |
| Transcribing agency | OSt |
| 041 ## - LANGUAGE CODE | |
| Language code of text/sound track or separate title | eng |
| 084 ## - OTHER CLASSIFICATION NUMBER | |
| Classification number | Q41 |
| -- | Q43 |
| -- | C22 |
| -- | D57 |
| -- | E61 |
| -- | O44 |
| Number source | jelc |
| 100 1# - MAIN ENTRY--PERSONAL NAME | |
| Personal name | Lichtenberger, Andreas |
| 245 10 - TITLE STATEMENT | |
| Title | Exploring the Economic Resilience of Low vs. High Carbon Intensity Sectors |
| 260 ## - PUBLICATION, DISTRIBUTION, ETC. | |
| Place of publication, distribution, etc. | Wien : |
| Name of publisher, distributor, etc. | Wiener Institut für Internationale Wirtschaftsvergleiche (wiiw), |
| Date of publication, distribution, etc. | 2024. |
| 300 ## - PHYSICAL DESCRIPTION | |
| Extent | 23 S., |
| Other physical details | 2 Tables and 10 Figures, |
| Dimensions | 30cm. |
| 490 1# - SERIES STATEMENT | |
| Series statement | wiiw Policy Notes and Reports |
| Volume/sequential designation | 83 |
| 520 ## - SUMMARY, ETC. | |
| Summary, etc. | This study investigates the comparative economic resilience of low carbon intensity (LCI) versus high carbon intensity (HCI) industries of the Austrian economy, examining the impact of energy price shocks on real gross value added (GVA) and employment within both LCI and HCI industries. To illustrate these dynamics, we conducted a vector autoregression (VAR) analysis to simulate the effects of various energy price shocks on key economic indicators, comparable to the price surge experienced at the start of the war in Ukraine. The results show that fossil energy price dynamics can lead to significant economic damage, such as a loss in the dimension of 6.6% in real GVA in the HCI sector one year after a gas price shock (reflecting a possible loss of EUR 10 billion) or a loss in the range of 3-4% of jobs in the HCI sector for individual years after the shock (i.e., about job 50-70 thousand jobs in certain years). We argue that LCI industries demonstrate greater resilience in the light of fossil energy price shocks, which appear to destabilise HCI industries to a higher degree at least in the short run, not accounting for other factors and considering that everything else is kept constant. In conclusion, this study underscores the necessity for policy makers to prioritise the transition to low-carbon industries.<br/> |
| 650 ## - SUBJECT ADDED ENTRY--TOPICAL TERM | |
| Topical term or geographic name entry element | green transition |
| 650 ## - SUBJECT ADDED ENTRY--TOPICAL TERM | |
| Topical term or geographic name entry element | energy price shocks |
| 650 ## - SUBJECT ADDED ENTRY--TOPICAL TERM | |
| Topical term or geographic name entry element | I/O-sector-analysis |
| 650 ## - SUBJECT ADDED ENTRY--TOPICAL TERM | |
| Topical term or geographic name entry element | VAR |
| 650 ## - SUBJECT ADDED ENTRY--TOPICAL TERM | |
| Topical term or geographic name entry element | GDP |
| 650 ## - SUBJECT ADDED ENTRY--TOPICAL TERM | |
| Topical term or geographic name entry element | GVA |
| 650 ## - SUBJECT ADDED ENTRY--TOPICAL TERM | |
| Topical term or geographic name entry element | employment |
| 650 ## - SUBJECT ADDED ENTRY--TOPICAL TERM | |
| Topical term or geographic name entry element | climate policy |
| 651 ## - SUBJECT ADDED ENTRY--GEOGRAPHIC NAME | |
| Geographic name | Austria |
| 690 ## - LOCAL SUBJECT ADDED ENTRY--TOPICAL TERM (OCLC, RLIN) | |
| Topical term or geographic name as entry element | Macroeconomic Analysis and Policy |
| 690 ## - LOCAL SUBJECT ADDED ENTRY--TOPICAL TERM (OCLC, RLIN) | |
| Topical term or geographic name as entry element | Sectoral studies |
| 700 1# - ADDED ENTRY--PERSONAL NAME | |
| Personal name | Stehrer, Robert |
| 9 (RLIN) | 5 |
| 830 #0 - SERIES ADDED ENTRY--UNIFORM TITLE | |
| Volume/sequential designation | 83 |
| Bibliographic record control number | WIIW0000092 |
| Title of a work | wiiw Policy Notes and Reports |
| 856 40 - ELECTRONIC LOCATION AND ACCESS | |
| Uniform Resource Identifier | <a href="https://wiiw.ac.at/p-6970.html">https://wiiw.ac.at/p-6970.html</a> |
| 942 ## - ADDED ENTRY ELEMENTS (KOHA) | |
| Koha item type | Paper |
| Withdrawn status | Lost status | Damaged status | Not for loan | Home library | Current library | Shelving location | Date acquired | Inventory number | Total Checkouts | Full call number | Barcode | Date last seen | Price effective from | Koha item type |
|---|---|---|---|---|---|---|---|---|---|---|---|---|---|---|
| WIIW | WIIW | Library | 10/30/2024 | pwiiw6970 | 83 | 1000010006970 | 10/30/2024 | 04/07/2025 | Paper |
